Quiz geograficzny po świecie dla Ignacego - Statystyki

Ogólne statystyki
  • Ten quiz został rozwiązany 371 razy
  • Średni wynik to 12 z 17
Statystyki odpowiedzi
Hint Odpowiedź % Poprawnych
Wschód Niger
97%
Południe Nigeria
95%
START Nigeria
94%
Południe Maroko
73%
Pólnoc Czad
72%
Połudiowy zachód Hiszpania
71%
Zachód Niemcy
71%
Pólnoc Włochy
70%
Południowy zachód Francja
69%
Północny wschód Austria
68%
Północny zachód Tunezja
68%
Północ Libia
66%
Północ Czechy
64%
Południowy wschód Mali
64%
Południe Mauretania
58%
Poludniowy wschód Kamerun
57%
Wschód Republika środkowoafrykańska
50%
Nie znaleziono quizów pasujących do podanych kryteriów
Rozkład punktacji
Procent ludzi z każdym wynikiem
Percentyl według liczby udzielonych odpowiedzi
Twoja historia wyników
Nie rozwiązałeś tego quizu